| 000 | 00000nam 2200000zi 4500 |
| 001 | 9.954187 |
| 003 | CaOODSP |
| 005 | 20250822080830 |
| 006 | m o d f |
| 007 | cr cn |||||||| |
| 008 | 250818e20151118onc obs f000 0 fre d |
| 040 | |aCaOODSP|bfre|erda|cCaOODSP |
| 043 | |an-cn--- |
| 086 | 1 |aCS82-003/2015-11-3F-PDF |
| 100 | 1 |aKohen, Dafna E., |eauteur. |
| 245 | 10|aLogement et santé des enfants inuits / |cpar Dafna E. Kohen, Evelyne Bougie et Anne Guèvremont. |
| 264 | 1|a[Ottawa] : |bStatistique Canada = Statistics Canada, |cle 18 novembre 2015. |
| 264 | 4|c©2015 |
| 300 | |a1 ressource en ligne (pages 23-30). |
| 336 | |atexte|btxt|2rdacontent/fre |
| 337 | |ainformatique|bc|2rdamedia/fre |
| 338 | |aressource en ligne|bcr|2rdacarrier/fre |
| 490 | 1 |aRapports sur la santé, |x1209-1375 ; |vvol. 26, no 11, [3] |
| 500 | |aPublié aussi en anglais sous le titre : Housing and health among Inuit children. |
| 500 | |aTitre de la couverture. |
| 504 | |aComprend des références bibliographiques (pages 29-30). |
| 520 | 3 |a« Les conditions de logement ont été associées à la santé des enfants. Les enfants inuits sont généralement en moins bonne santé que les autres enfants canadiens. Ils sont aussi plus susceptibles de vivre dans des logements surpeuplés et nécessitant des réparations majeures et d'être exposés à la fumée secondaire à la maison » -- Résumé, page 23. |
| 650 | 6|aEnfants Inuit|xSanté et hygiène|zCanada|vStatistiques. |
| 650 | 6|aLogement et santé|zCanada|vStatistiques. |
| 655 | 7|aStatistiques|2rvmgf |
| 710 | 2 |aStatistique Canada, |eorganisme de publication. |
| 775 | 08|tHousing and health among Inuit children / |w(CaOODSP)9.954188 |
| 830 | #0|aRapports sur la santé (Collection)|x1209-1375 ; |vv. 26, no 11, [3].|w(CaOODSP)9.950257 |
| 856 | 40|qPDF|s502 Ko|uhttps://publications.gc.ca/collections/collection_2025/statcan/82-003-x/CS82-003-2015-11-3-fra.pdf |
| 856 | 4 |qHTML|ss.o.|uhttps://www150.statcan.gc.ca/n1/pub/82-003-x/2015011/article/14223-fra.htm |
| 986 | |a82-003-X |